Ekstraklasowe kółko i krzyżyk vol.5 - Statystyki

Ogólne statystyki
  • Ten quiz został rozwiązany 115 razy
  • Średni wynik to 3 z 9
Statystyki odpowiedzi
Hint Odpowiedź % Poprawnych
Lech/Portugalia Sousa | Rebocho | Pereira | Tiba | Amaral
97%
Cracovia/Rumunia Ghita | Rapa | Hanca | Bejan
52%
Pogoń/Rumunia Cojocaru | Rapa
46%
Pogoń/Portugalia Gamboa | Mata | Podstawski
40%
Lech/Bułgaria Tonev | Mitsanski | Dobrev
30%
Pogoń/Bułgaria Delev
21%
Lech/Rumunia Radut | Dolha
17%
Cracovia/Portugalia Rocha | Lopes
16%
Cracovia/Bułgaria Ferraresso | Karachanakov | Romanov
2%
Nie znaleziono quizów pasujących do podanych kryteriów
Rozkład punktacji
Procent ludzi z każdym wynikiem
Percentyl według liczby udzielonych odpowiedzi
Twoja historia wyników
Nie rozwiązałeś tego quizu